[Event "Criciuma op-B"]
[Site "Criciuma"]
[Date "2024.01.18"]
[Round "9"]
[White "Batista, Leonardo Antonio"]
[Black "De Assuncao, Victor Emanuel Cost"]
[Result "1/2-1/2"]
[WhiteElo "1640"]
[BlackElo "1800"]
[PlyCount "34"]
[EventDate "2024.01.12"]
[EventType "swiss"]
[EventRounds "9"]
[EventCountry "BRA"]
[SourceTitle "CB04_2024"]
[SourceDate "2023.10.16"]
[SourceVersion "1"]
[SourceVersionDate "2023.10.16"]
[SourceQuality "1"]

1. e4 c5 2. Nc3 Nc6 3. f4 g6 4. Nf3 Bg7 5. Bc4 e6 6. f5 Nge7 7. d3 d5 8. Bb3 d4 9. Ne2 exf5 10. Ng5 0-0 11. 0-0 h6 12. Nxf7 Rxf7 13. Bxf7+ Kxf7 14. exf5 gxf5 15. Ng3 Qd6 16. Qe1 Qg6 17. Qe2 Be6 1/2-1/2